[Event "FRA-ch U14 Girls"]
[Site "Montlucon"]
[Date "2011.04.17"]
[Round "1"]
[White "Le Berre, Audrey"]
[Black "Dupont, Marie Oceane"]
[Result "0-1"]
[WhiteElo "1690"]
[BlackElo "1460"]
[PlyCount "62"]
[EventDate "2011.04.17"]
[EventType "swiss"]
[EventRounds "9"]
[EventCountry "FRA"]
[SourceTitle "CBM 142 Extra"]
[Source "ChessBase"]
[SourceDate "2011.06.27"]
[SourceVersion "1"]
[SourceVersionDate "2011.06.27"]
[SourceQuality "1"]

1. c4 Nf6 2. g3 g6 3. Bg2 Bg7 4. Nc3 0-0 5. Nf3 d6 6. 0-0 e5 7. d3 Be6 8. Nxe5 dxe5 9. Bxb7 Bh3 10. Bxa8 Bxf1 11. Kxf1 c6 12. b4 e4 13. Bb2 exd3 14. exd3 Qb6 15. b5 a6 16. Na4 Qc7 17. Bxc6 Nxc6 18. bxc6 Qxc6 19. Kg1 Ra8 20. Nc3 h5 21. Qe2 g5 22. Bc1 Re8 23. Qd2 Nh7 24. Rb1 h4 25. Nd5 Nf6 26. Qxg5 Nxd5 27. Qxd5 h3 28. Bf4 Qa4 29. c5 Qc2 30. Rc1 Qxc1+ 31. Bxc1 Re1# 0-1